000
00265nam a2200097Ia 4500
001
645678
005
20250826153628.0
008
250824s9999 xx 000 0 und d
245
0
_a
SİHİRLİ KRALLIK BÜYÜLÜ SARAY 1
_c
ROSİE BANKS
260
_b
DOĞAN EGMONT YAYINLARI
999
_c
645678
_d
645678